000 00412nam a22001217a 4500
082 _a220 PRO
100 _aUMER FAROOQ JAWAD ZAHEER KHAN SANNAN NASEEM KHAN
_970601
245 _aPR-SOF-1818-Fabrication and Control of Hexapod
260 _aISLAMABAD
_bNUST COLLEGE OF EME
_c2019
650 _aDE-MECH-37
_970562
700 _aSUPERVISORS ASST PROF DR. SAJID ULLAH BUTT ASST PROF REHAN AHMED
_970602
942 _cCR
999 _c577561
_d577561